000 00639nam a22002057a 4500
003 OSt
005 20251123164328.0
008 251123b |||||||| |||| 00| 0 eng d
020 _a9789556635874
040 _cDCL
041 _aEnglish
082 _a294.35
100 0 _aVisuddhacara, Bhikkhu
245 1 0 _aCurbing Anger Spreading Love /
_cBhikkhu visuddhacara, With illustrations by Hor Tuck Loon.
260 _aKandy :
_bBuddhist Publications Society,
_c2019.
300 _a88,p. ill,
_c22 cm.
504 _aIncludes bibliographical references (p. [105]-107).
650 _aBuddhist Ethic
942 _2ddc
_cSHORT TERM
_n0
999 _c2595
_d2595